000 00709nam a2200181Ia 4500
008 100921s9999 xx 000 0 und d
082 _b40324
_a951 न 05
100 _aकिणीकर रॉय.
245 _aइथे जगण्याची सक्ती आहे.
260 _bप्रतिक प्रकाशन, पुणे.
_c2005
300 _a116
_bकलाभारती वितरण,पुणे
365 _b90
520 _aइतिहास-चीन.
630 _aइथे जगण्याची सक्ती आहे.
650 _aइतिहास-चीन.
730 _aइथे जगण्याची सक्ती आहे.
942 _cBOOK
999 _c789437
_d789434